Central Library OPAC University of Rajshahi

Palestine, the Arabs and Israel : (Record no. 27111)

MARC details
000 -LEADER
fixed length control field 00733nam a2200241 a 4500
001 - CONTROL NUMBER
control field 27111
003 - CONTROL NUMBER IDENTIFIER
rucl marc code BD-RjUL
005 - DATE AND TIME OF LATEST TRANSACTION
control field 20211209051120.0
008 - FIXED-LENGTH DATA ELEMENTS--GENERAL INFORMATION
fixed length control field 140324r19701969enkb b 001 0 eng d
020 ## - INTERNATIONAL STANDARD BOOK NUMBER
International Standard Book Number 0582780004
035 ## - SYSTEM CONTROL NUMBER
System control number (BD-RjUL)27182
040 ## - CATALOGING SOURCE
Original cataloging agency LC
Language of cataloging eng
Transcribing agency LC
Modifying agency WU
-- BD-RjUL
041 ## - LANGUAGE CODE
Language code of text/sound track or separate title eng
082 04 - DEWEY DECIMAL CLASSIFICATION NUMBER
Classification number 956.9405
Author mark and year CAP 1970
100 1# - MAIN ENTRY--PERSONAL NAME
Personal name Cattan, Henry.
9 (RLIN) 83257
245 10 - TITLE STATEMENT
Title Palestine, the Arabs and Israel :
Remainder of title the search for justice /
Statement of responsibility, etc. Henry Cattan.
260 ## - PUBLICATION, DISTRIBUTION, ETC. (IMPRINT)
Place of publication, distribution, etc. London :
Name of publisher, distributor, etc. Longmans,
Date of publication, distribution, etc. 1969 [impression 1970].
300 ## - PHYSICAL DESCRIPTION
Pagination xiv, 281 p. :
Illustrations maps.
Size 23 cm.
504 ## - BIBLIOGRAPHY, ETC. NOTE
Bibliography, etc Includes bibliographical references and index.
650 #0 - SUBJECT ADDED ENTRY--TOPICAL TERM
Topical term or geographic name as entry element Jewish-Arab relations
Chronological subdivision 1917-
9 (RLIN) 83258
942 ## - ADDED ENTRY ELEMENTS (KOHA)
Source of classification or shelving scheme Dewey Decimal Classification
Koha item type Books
Holdings
Lost status Source of classification or shelving scheme Damaged status Not for loan Collection code Permanent Location Current Location Shelving location Date acquired Source of acquisition Cost, normal purchase price Total Checkouts Full call number Date last seen Copy number Koha item type Date checked out
  Dewey Decimal Classification     Non-fiction Central Library, University of Rajshahi Central Library, University of Rajshahi   11/07/1972 Book centre. 49.50   956.9405 CAP 1970 24/03/2014 C-2 Books  
  Dewey Decimal Classification     Non-fiction Central Library, University of Rajshahi Central Library, University of Rajshahi   23/06/1973 Green Book House. 44.00   956.9405 CAP 1969 24/03/2014 C-3 Books  
  Dewey Decimal Classification     Non-fiction Central Library, University of Rajshahi Central Library, University of Rajshahi   06/04/1995 Asia Foundation, Gift.     956.9405 CAP 1969 24/03/2014 C-6 Books  
  Dewey Decimal Classification     Non-fiction Central Library, University of Rajshahi Central Library, University of Rajshahi   26/06/1981 M. M. Rahman. 40.00 1 956.9405 CAP 1969 25/07/2019 C-5 Books 11/07/2019
  Dewey Decimal Classification   Not For Loan Non-fiction Central Library, University of Rajshahi Central Library, University of Rajshahi Reading Room 16/04/1974 National Library 48.00   956.9405 CAP 1969 06/02/2017 C-1 Books  
  Dewey Decimal Classification     Non-fiction Central Library, University of Rajshahi Central Library, University of Rajshahi   11/05/1970 Green book house 28.00   956.9405 CAP 1969 14/02/2017 C-4 Books  
  Dewey Decimal Classification     Non-fiction Central Library, University of Rajshahi Central Library, University of Rajshahi General Stacks 10/09/2024 R.U.     956.9405 CAP 1969 11/09/2024 C-7 Books  
  Dewey Decimal Classification     Non-fiction Central Library, University of Rajshahi Central Library, University of Rajshahi General Stacks 10/09/2024 R.U.     956.9405 CAP 1969 11/09/2024 C-8 Books  
  Dewey Decimal Classification     Non-fiction Central Library, University of Rajshahi Central Library, University of Rajshahi General Stacks 10/09/2024 R.U.     956.9405 CAP 1969 11/09/2024 C-9 Books  
  Dewey Decimal Classification     Non-fiction Central Library, University of Rajshahi Central Library, University of Rajshahi General Stacks 10/09/2024 R.U.     956.9405 CAP 1969 11/09/2024 C-10 Books